2024 MotoGP Riders - Statistics

General Stats
  • This quiz has been taken 59 times
  • The average score is 18 of 22
Answer Stats
Number Team Name % Correct
73 Gresini Racing MotoGP Alex Marquez
98%
93 Gresini Racing MotoGP Marc Marquez
98%
89 Prima Pramac Racing Jorge Martin
96%
1 Ducati Lenovo Team Francesco Bagnaia
92%
23 Ducati Lenovo Team Enea Bastianini
88%
21 Prima Pramac Racing Franco Morbidelli
88%
33 Red Bull KTM Factory Racing Brad Binder
85%
20 Monster Energy Yamaha MotoGP Team Fabio Quartararo
85%
43 Red Bull KTM Factory Racing Jack Miller
85%
31 Red Bull GASGAS Tech3 Pedro Acosta
85%
41 Aprilia Racing Aleix Espargaro
83%
42 Monster Energy Yamaha MotoGP Team Alex Rins
83%
36 Repsol Honda Team Joan Mir
83%
5 LCR Honda Castrol Johann Zarco
83%
72 Pertamina Enduro VR46 Racing Team Marco Bezzecchi
83%
10 Repsol Honda Team Luca Marini
75%
12 Aprilia Racing Maverick Vinales
75%
30 LCR Honda Idemitsu Takaaki Nakagami
73%
88 Trackhouse Racing Miguel Oliveira
71%
49 Pertamina Enduro VR46 Racing Team Fabio Di Giannantonio
69%
25 Trackhouse Racing Raul Fernandez
69%
37 Red Bull GASGAS Tech3 Augusto Fernandez
67%
No matching quizzes found
Score Distribution
Percent of People with Each Score
Percentile by Number Answered
Your Score History
You have not taken this quiz